Timeouts with God : (Record no. 3952)

MARC details
000 -LEADER
fixed length control field 00974cam a22002774a 4500
001 - CONTROL NUMBER
control field 12200735
003 - CONTROL NUMBER IDENTIFIER
control field GBCCL
005 - DATE AND TIME OF LATEST TRANSACTION
control field 20241126110507.0
008 - FIXED-LENGTH DATA ELEMENTS--GENERAL INFORMATION
fixed length control field 001012s2000 mou 000 0 eng
010 ## -
-- 00011889
020 ## - INTERNATIONAL STANDARD BOOK NUMBER
International Standard Book Number 0570052769
040 ## - CATALOGING SOURCE
Original cataloging agency DLC
Transcribing agency DLC
Modifying agency DLC
042 ## -
-- pcc
050 00 -
-- BV4845
-- .M45 2001
082 00 - DEWEY DECIMAL CLASSIFICATION NUMBER
Classification number 242.645
Edition information 21
Item number MEL
100 1# - MAIN ENTRY--PERSONAL NAME
Personal name Melander, Rochelle.
9 (RLIN) 7710
245 10 - TITLE STATEMENT
Title Timeouts with God :
Remainder of title meditations for parents /
Statement of responsibility, etc. by Rochelle Melander and Harold Eppley.
260 ## - PUBLICATION, DISTRIBUTION, ETC.
Place of publication, distribution, etc. Saint Louis, Mo. :
Name of publisher, distributor, etc. Concordia Pub. House,
Date of publication, distribution, etc. c2000.
300 ## - PHYSICAL DESCRIPTION
Extent 207 p. ;
Dimensions 20 cm.
650 #0 - SUBJECT ADDED ENTRY--TOPICAL TERM
Topical term or geographic name entry element Parents
Form subdivision Prayers and devotions.
9 (RLIN) 7711
650 #0 - SUBJECT ADDED ENTRY--TOPICAL TERM
Topical term or geographic name entry element Parenting
General subdivision Religious aspects
-- Christianity
Form subdivision Meditations.
9 (RLIN) 7712
700 1# - ADDED ENTRY--PERSONAL NAME
Personal name Eppley, Harold.
9 (RLIN) 7713
906 ## - LOCAL DATA ELEMENT F, LDF (RLIN)
a 7
b cbc
c orignew
d 1
e ecip
f 20
g y-gencatlg
942 ## - ADDED ENTRY ELEMENTS (KOHA)
Source of classification or shelving scheme Dewey Decimal Classification
Koha item type Books
Holdings
Withdrawn status Lost status Source of classification or shelving scheme Damaged status Not for loan Home library Current Library Shelving location Date acquired Total checkouts Full call number Barcode Date last seen Copy number Price effective from Koha item type
    Dewey Decimal Classification     GRACE BIBLE COLLEGE GRACE BIBLE COLLEGE Ministry & Mission 2017-12-19   242.645 MEL 007707 2025-05-01 c.1 2017-12-19 Books
    Dewey Decimal Classification     GRACE BIBLE COLLEGE GRACE BIBLE COLLEGE Ministry & Mission 2017-12-19   242.645 MEL 011963 2025-05-01 c.2 2017-12-19 Books
    Dewey Decimal Classification     GRACE BIBLE COLLEGE GRACE BIBLE COLLEGE Ministry & Mission 2017-12-19   242.645 MEL 011964 2025-05-01 c.3 2017-12-19 Books
© Grace Bible College Library 2025